000 00937cab a2200301 4500
001 WB3002-32
008 090401t1994 xxu||||| |||| 00| 0 eng d
035 _a(Sirsi) u47511
041 _aeng
100 _aHall, B.
245 _aLocal authorities and use classes orders
260 _c1994
350 _a0
490 _aCSW - The Property Week
_v46(2) 13 Janaury 1994, 39(1)
520 _aLocal authorities are circumventing use classes orders by responding to planning permission requests with requirements, such as parking or ceiling heights, which cannot be met by developers.
650 _aB1 CLASS
650 _aISLINGTON LBC
650 _aLAMBETH LBC
650 _aLIGHT INDUSTRY
650 _aPLANNING PERMISSION
650 _aPUBLIC INQUIRIES
650 _aUSE CLASSES
650 _aWESTMINSTER LBC
690 _aPLANNING LAW AND PRACTICE
700 _aShamash, S.
942 _n0
948 _c04/03/1997
999 _c29963
_d29963